Quizzes
Events
Quiz Creation
Community
Videos
Private Events
Remove Ads
Sign In
Join for FREE
Feedback
Dark Mode
Quiz Categories
Sports
Geography
Music
Movies
Television
Just For Fun
Miscellaneous
History
Literature
Language
Science
Gaming
Entertainment
Religion
Holiday
For Kids
Quiz Lab
Recent
Popular Today
Quiz Kudos Today
Editor Picks
Curator Picks
Quizzes by...
Day
Popularity
Type
Ratings
Length
Year
Community
Subscriptions
Recent Discussions
Orange Saloon
Badges
Playlists
Quests
Create
Leaderboards
Showdown
Live 5
Trivia Bingo
Activity
Puzzle Library
Sporcle Events
Private Events
Virtual Trivia
Globe League
Become a Host
Pub Owners
SporcleCon
Opinionation
Our Games
Videos
Blog
Mobile Apps
Partnerships
Remove Ads and Go Orange
Feedback
History
US Presidents
World Leaders
Politics
Nation
Discovery
War
Decade
Year
Century
Biography
Art
History
US Presidents
World Leaders
Politics
Nation
Discovery
War
Decade
Year
Century
Biography
Art
Random Quiz
Search Sporcle
×
Quiz Lab
Quiz Lab
History
Term
Type in answers that appear in a list
Type in answers that appear in a list
Classic
Best Score? Go Orange.
Presidential terms Stats
Can you name the presidential terms?
By
kbg3
10m
44 Questions
169 Plays
169 Plays
169 Plays
Comments
Comments
Give Quiz Kudos
Give Quiz Kudos
-
- Ratings
hide this ad
Forced Order
Answers have to be entered in order
Answers have to be entered in order
Replay
Link that replays current quiz
Next Quiz
Link to next quiz in quiz playlist
You Got
0%
They Got
Avg Score
81%
Avg Friend Score
Upgrade to see
Score Distribution
Jump to the score distribution portion of the page
Score
0/44
Timer
10:00
0
Plays Today
President
Year
% Correct
Washington
1789-1797
97.6%
Adams
1797-1801
92.3%
Jefferson
1801-1809
92.3%
Madison
1809-1817
90.5%
Monroe
1817-1825
90.5%
Jackson
1829-1837
89.3%
Van Buren
1837-1841
88.2%
Harrison
1841
88.2%
Quincy Adams
1825-1829
87.6%
Tyler
1841-1845
87.6%
Polk
1845-1849
87%
Taylor
1849-1850
87%
Fillmore
1850-1853
85.2%
Pierce
1853-1857
85.2%
Lincoln
1861-1865
85.2%
Johnson
1865-1869
85.2%
Buchanan
1857-1861
84.6%
Hayes
1877-1881
83.4%
Grant
1869-1877
82.8%
Garfield
1881
82.8%
Cleveland
1885-1889
82.8%
Arthur
1881-1885
82.2%
President
Year
% Correct
Benjamin Harrison
1889-1893
76.9%
Taft
1909-1913
76.9%
Wilson
1913-1921
76.9%
Cleveland
1893-1897
76.3%
McKinley
1897-1901
76.3%
Roosevelt
1901-1909
76.3%
Clinton
1993-2001
76.3%
W. Bush
2001-2009
76.3%
Reagan
1981-1989
75.7%
Harding
1921-1923
75.1%
Hoover
1929-1933
75.1%
F.D. Roosevelt
1933-1945
75.1%
Eisenhower
1953-1961
75.1%
Kennedy
1961-1963
75.1%
Bush
1989-1993
75.1%
Coolidge
1923-1929
74.6%
Truman
1945-1953
74.6%
Lyndon B. Johnson
1963-1969
73.4%
Nixon
1969-1974
73.4%
Ford
1974-1977
73.4%
Carter
1977-1981
73.4%
Obama
2009-present
66.9%
Quiz Playlist
Details
Report
Send in Message
Add To Playlist
Classic:
Type in answers that appear in a list
Forced Order:
Answers have to be entered in order
Last Updated: Feb 16, 2017
Quiz Scoreboard
CHALLENGE
Sign Up to Join the Scoreboard
Show All
Scores
Hide
Comments
May contain spoilers
Recently Published
9x9 Crossword: Cartoon Network
by jackfrog10
Miscellaneous
3m
College Basketball Coaching Resumes
by pancakes188
Sports
9m
Billboard Blitz: Fleetwood Mac
by CooCooCachoo
Music
15s
More to Explore
Quiz From the Vault
Featured Blog Post
Where Did the Easter Bunny Come From?
hide this ad
You Might Also Like...
Tags
Term
Today's Top Quizzes in History
Browse History
hide this ad
Today's Top Quizzes in Term
Browse Term
Top Contributed Quizzes in History
1
Popular People in 1991
2
Popular People in 1981
3
Popular People in 1951
4
Popular People in 1941
5
Popular People in 1986
6
Popular People in 1976
7
Popular People in 1921
8
5-to-1: 20th Century Images of War
9
I Am Born On March 28th
10
Popular People in 1946
Explore More
Trending Topics
Crossword
NBA
Anime
Kpop
Harry Potter
Marvel
Disney
Soccer
NFL
Song
Puzzle
Country
Pokémon
The Office
WWE
hide this ad
More By:
kbg3
Quiz
Plays
Rating
Category
Featured
Created
presidential terms
169
4.00
History
Jul 20, 2011
Go to Creator's Profile
Score Distribution
Quiz Creator Spotlight
kbg3
Follow
Send a Message
Quizzes Created
-
Created Quiz Play Count
-
More By This Creator
Popular Quizzes Today
1
Find the US States - No Outlines Minefield
2
Find the Countries of Europe - No Outlines Minefield
3
The Countries of the World
4
Find the US States
5
Risky Map Clicking: Biggest States A-Z
6
US States
7
Popular People in 1961
8
Movies - When Are They Set?
More History Quizzes
Art Acrostic
Editor's Pick
Trending Quizzes
Risky Map Clicking: Least Populous States A-Z
1-10 Letter G Words
1-10 Letter F Words
Risky Map Clicking: Next State Alphabetically
Adjectives in 80s TV Shows
Recently Updated
Leaping Animals
pecheneg
Reality TV Shows (A-Z)
bhenderson79
Rickey Henderson's Hall of Fame Teammates
pecheneg
Champions League XIs: Arsenal
pecheneg
Quick Pick: Celebrities in WWE's Hall of Fame
aduchscher
A-Z Keypad Blitz II
pecheneg
Multiple Oscar Actors
pecheneg
Mystery Phrase Blitz: Oscar 'Best Actors'
pecheneg
F. Scott Fitzgerald Novels
LTH
Pick 3 Villains
ddd62291
Trending Topics
Anime
Marvel
Crossword
Harry Potter
Kpop
Disney
NBA
WWE
Country
Song
The Office
NFL
Pokémon
Soccer
Puzzle
Your Account Isn't Verified!
In order to create a playlist on Sporcle, you need to verify the email address you used during registration. Go to your
Sporcle Settings
to finish the process.
Report this User
Report this user for behavior that violates our
Community Guidelines
.
Details:
Send Report
Go to the Sporcle.com Mobile Site →
Comments